00434nam a2200121Ia 4500008004100000082001200041110004500053245008400098260004900182300001000231500004000241650003100281120629s9999 xx 000 0 und d aC M479m aSuprema Corte de Justicia de la Nación aManual del justiciable Materia Penal / Suprema Corte de Justicia de la Nación aMéxico : Poder Judicial de la Federación a169 p aBibliografía, glosario e índice a1. DERECHO-PENAL-MEXICOÌ